Kluby Serie A w XXI wieku. - Statystyki

Ogólne statystyki
  • Ten quiz został rozwiązany 153 razy
  • Średni wynik to 28 z 46
Statystyki odpowiedzi
Odpowiedź % Poprawnych
Juventus
99%
Milan
98%
Napoli
97%
Inter
96%
Roma
95%
Lazio
93%
Atalanta
92%
Sampdoria
92%
Torino
89%
Genoa
88%
Parma
87%
Fiorentina
85%
Hellas
85%
Palermo
84%
Udinese
81%
Bologna
80%
Cagliari
80%
Chievo
76%
Sassuolo
75%
Empoli
74%
Benevento
66%
Lecce
65%
Bari
64%
Spezia
61%
Venezia
61%
Spal
57%
Brescia
55%
Frosinone
53%
Livorno
47%
Pescara
46%
Catania
45%
Crotone
42%
Perugia
40%
Reggina
36%
Ascoli
35%
Modena
33%
Siena
31%
Cesena
28%
Vicenza
28%
Como
26%
Piacenza
24%
Carpi
23%
Novara
22%
Messina
18%
Ancona
17%
Treviso
7%
Nie znaleziono quizów pasujących do podanych kryteriów
Rozkład punktacji
Procent ludzi z każdym wynikiem
Percentyl według liczby udzielonych odpowiedzi
Twoja historia wyników
Nie rozwiązałeś tego quizu